000 00285nam a22001217a 4500
008 171101b xxu||||| |||| 00| 0 eng d
041 _aeng
080 _a33
100 _a59
101 _aBUS
245 _aTHE LEGAL REGULATORY RNVIRONMENT OF BUSINESS
_cREED.SH
942 _2udc
_cBK
999 _c36996
_d36996